000 00743nam a2200229Ia 4500
003 GCL
008 140319s9999 xx 000 0 ara d
040 _aGCL /
_cGCL
082 0 4 _a370.1
_bل ن
100 1 _aلطفى محمد فطيم
245 1 0 _aنظريات التعلم المعاصرة وتطبيقاتها التربوية /
_cلطفى محمد فطيم
700 1 _aابوالعزايم عبدالمنعم الجمال
300 _a382 ص
490 _a
650 0 4 _aالتعليم
650 0 4 _aعلم النفس التربوى
650 0 4 _aالطرق الاحصائية
650 0 4 _aالبحوث التربوية
650 0 4 _aالتعليم, نظريات
650 0 4 _aالتعليم, نظام
942 _2ddc
_cBK
999 _c39471
_d39471